[Event "California State-ch"]
[Site "San Jose"]
[Date "2006.05.20"]
[Round "1"]
[White "Hwa, Kevin"]
[Black "Rotenstein, Ilya"]
[Result "1-0"]
[WhiteElo "1647"]
[BlackElo "1063"]
[PlyCount "79"]
[EventDate "2006.04.20"]
[EventType "swiss"]
[EventRounds "6"]
[EventCountry "USA"]
[SourceTitle "EXT 2009"]
[Source "ChessBase"]
[SourceDate "2008.11.26"]
[SourceVersion "1"]
[SourceVersionDate "2008.11.26"]
[SourceQuality "1"]

1. e4 e5 2. d4 exd4 3. c3 Nc6 4. Nf3 d5 5. exd5 Qxd5 6. cxd4 Bg4 7. Be2 Bb4+ 8. Nc3 0-0-0 9. Be3 Nf6 10. 0-0 Bxc3 11. bxc3 Ne4 12. c4 Qd7 13. d5 Ne7 14. Qd4 Qf5 15. Qxa7 Kd7 16. Qd4 f6 17. h3 Bxf3 18. Bxf3 Nd6 19. Bg4 Qxg4 20. Qxg4+ Ndf5 21. Rfd1 h5 22. Qe2 Ke8 23. Bc5 b6 24. Bxe7 Nxe7 25. Rac1 f5 26. c5 Rh6 27. c6 Rf6 28. Qxh5+ Rf7 29. Re1 Rxd5 30. Qh8+ Rf8 31. Qxg7 Rf7 32. Qg8+ Rf8 33. Qxd5 Rf7 34. Qd7+ Kf8 35. Qd8+ Kg7 36. Rxe7 Rxe7 37. Qxe7+ Kg6 38. Re1 b5 39. h4 Kh5 40. Qg5# 1-0